00547nam a2200193Ii 450000100060000000300090000600800410001502000150005604000330007104100080010408200200011210000270013224500520015926400490021130000120026033600260027233700280029833800270032619082CO-ViMGA241108s9999||||xx |||||||||||||| ||und|| a9588160715 aCO-ViMGAbspaerdacCO-ViMGA0 aspa04a328.309861 O74c1 aXimena Orjuela López10aEl congreso hace historia :bColombia 1819-1929 1aBogotá, Colombia : Villegas Editores, 2004 avolumen atextbtxt2rdacontent aunmediatedbn2rdamedia avolumebnc2rdacarrier